Trigger finger /

Wedi'i Gadw mewn:
Manylion Llyfryddiaeth
Prif Awdur: Cooper, Courtney Ryley, 1886-1940
Fformat: Llyfr
Iaith:English
Cyhoeddwyd: London : W. Collins, [19--]
LEADER 00702nam a22001937a 4500
001 c000114146
003 CARM
005 19991210120934.0
008 990430s19uu1966enk 000 1 eng d
019 1 |a 20017838  |5 LACONCORD2021 
035 |a (OCoLC)26885728  |5 LACONCORD2021 
040 |a VCAV  |b eng  |c VCAV 
100 1 |a Cooper, Courtney Ryley,  |d 1886-1940. 
245 1 0 |a Trigger finger /  |c Courtney Ryley Cooper. 
260 |a London :  |b W. Collins,  |c [19--] 
300 |a 249 p. 
852 8 |b CARM  |h A2:AJ32G0  |i A02480  |p 0160259  |f BK 
999 f f |i 65a87fe1-f753-5a5f-9f58-9175612b862e  |s ca283def-b053-5758-8028-406b9d9716a9 
952 f f |p Can circulate  |a CAVAL  |b CAVAL  |c CAVAL  |d CARM 1 Store  |e A02480  |f A2:AJ32G0  |h Other scheme  |i book  |m 0160259